000 00421nam a22001457a 4500
005 20250523165625.0
008 250523b |||||||| |||| 00| 0 eng d
020 _a6418104
050 _aHC 106
_b.5 HAR
100 _aHARRIS, SEYMOUR F.
245 _aECONOMY OF THE KENNEDY YEARS
_bAND A LOOK AHEAD
_cSEYMOUR E. HARRIS
260 _aNEW YORK
_bHARPER & ROW PUBLISHERS
_cc1964
300 _axii,; 273p;,
942 _2lcc
_cBK
_n0
999 _c5941
_d5941